175 CLUBES DEL FÚTBOL ARGENTINO - Estadísticas

Estadísticas generales
  • Esta prueba ha sido intentada 1.622 veces
  • La puntuación promedio es 108 de 175
Estadísticas de respuestas
Imagen Respuesta % Correcto
All Boys
98%
Almagro
98%
Almirante Brown
97%
Argentinos Juniors
94%
Atlanta
94%
Acassuso
92%
Atenas
92%
Boca Juniors
92%
Atlas
91%
Banfield
91%
Boca Unidos
91%
Atlético de Rafaela
89%
Atlético Tucumán
89%
Barracas
89%
Chacarita
89%
Chaco for Ever
89%
Defensa y Justicia
89%
Belgrano de Córdoba
88%
Central Córdoba
88%
9 de Julio
87%
Agropecuario
86%
Cipolletti
86%
Claypole
86%
Comunicaciones
86%
Alvarado
85%
Crucero del Norte
85%
Deportivo Riestra
85%
Estudiantes de La Plata
85%
Ferro
85%
Independiente
85%
Deportivo Armenio
84%
Deportivo Merlo
84%
Gimnasia
84%
Huracán
84%
Alumni
83%
Godoy Cruz
83%
Racing
83%
Belgrano de Zárate
82%
Deportivo Morón
82%
El Porvenir
82%
Lanús
82%
San Lorenzo
82%
Camioneros
81%
Independiente Rivadavia
81%
Platense
81%
Rosario Central
81%
Defensores de Belgrano
80%
Fénix
80%
Instituto
80%
Olimpo
80%
Quilmes
80%
Everton
79%
Ezeiza
79%
Patronato
79%
Central norte
78%
Deportivo Español
78%
Flandria
78%
Gimnasia y tiro
78%
Laferrere
78%
Mitre
78%
Newells
78%
Sacachispas
78%
Sarmiento
78%
Club Bancario
77%
Estrella del Sur
77%
Guillermo Brown
77%
Huracán Las Heras
77%
Talleres
77%
Mandiyú
76%
Mercedes
76%
Muñiz
76%
Sportivo
76%
Tigre
76%
General Roca
75%
Loma Negra
75%
Los Andes
75%
Malvinas
75%
Nueva Chicago
75%
Real Pilar
75%
Vélez
75%
Colegiales
74%
Estudiantes de Caseros
74%
Estudiantes de Río Cuarto
74%
Lugano
74%
San Martín de Burzaco
74%
San Martín de Formosa
74%
San Martín de San Juan
74%
Deportivo Rincón
73%
Kimberley
73%
Luján
73%
Unión
73%
Sportivo Italiano
72%
Deportivo Madryn
71%
Excursionistas
71%
San Isidro
71%
Sol de América
71%
Temperley
71%
Deportivo Maipú
70%
Racing de Córdoba
70%
Tristán Suarez
70%
Brown de Adrogué
69%
San Martín de Tucumán
69%
Altos Hornos Zapla
68%
Gimnasia de Jujuy
68%
Villa San Carlos
67%
Argentino de Quilmes
64%
Berazategui
64%
San Telmo
64%
Yupanqui
64%
Douglas Haig
62%
Guemes
62%
Defensores Unidos
61%
Social Atlético Televisión
60%
Sol de Mayo
60%
Cañuelas
59%
Gimnasia de Mendoza
59%
Dock Sud
58%
Villa Dálmine
58%
Juventud Unida
56%
Ituzaingó
54%
Juventud Antoniana
53%
Argentino de Merlo
52%
Independiente de Chivilcoy
52%
Villa Mitre
51%
Ben hur
48%
Midland
47%
Central Córdoba de Rosario
45%
Desamparados
45%
Urquiza
45%
Renato Cesarini
44%
Sportivo Belgrano
44%
Ciudad Bolívar
43%
Lamadrid
43%
Defensores de Pronunciamiento
39%
Sarmiento de Resistencia
38%
Argentino de Monte Maíz
37%
Central Ballester
36%
Liniers
35%
Puerto Nuevo
35%
Centro Español
32%
San Martín de Mendoza
31%
Santamarina
29%
Victoriano
29%
Sportivo Barracas
28%
Defensores de Villa Ramallo
26%
Jorge Newbery
26%
Sarmiento de La Banda
26%
Unión de Sunchales
26%
Círculo Deportivo
25%
Defensores de Cambaceres
25%
Germinal
25%
Leandro Alem
25%
Argentino de Rosario
24%
Gimnasia de Concepción
24%
Sansinena
24%
Guaraní Antonio Franco
23%
El Linqueño
21%
Pilar
21%
Ferro General Pico
19%
Sportivo Estudiantes
16%
Estudiantil Porteño
15%
Náutico Hacoaj
15%
Defensores de Glew
13%
Justo José Urquiza
13%
Juventud Unida Universitario
12%
Gutierrez Sport Club
11%
Atlético Santa Rosa
10%
Estrella de Beriso
10%
Peñarol
8%
Puerto Comercial
8%
Atlético Ledesma
6%
Don Orione
6%
Saint Andrews
6%
Sportivo Patria
5%
Deportivo Susana
4%
No se encontraron pruebas coincidentes
Distribución de puntuación
Porcentaje de gente con cada puntuación
Porcentaje por número respondido
Historial de tus puntuaciones
No has intentado esta prueba.